000 00347nam a2200169Ia 4500
100 _aDate/C.J
250 _a7
942 _cBK
366 _f15
654 _adatabase
245 _aIntroduction to database system
260 _bPearson Education
_aMumbai
_c2000
082 _a005.74/DAT
300 _a938
546 _aENGLISH
999 _c33525
_d33525